Relaciones comerciales hispano-argelinas en el periodo 1791-1814 / (Record no. 168973)
[ view plain ]
| 000 -LEADER | |
|---|---|
| campo de control de longitud fija | 00852nam a2200217 i 4500 |
| 001 - NÚMERO DE CONTROL | |
| campo de control | 168973 |
| 003 - IDENTIFICADOR DE NÚMERO DE CONTROL | |
| campo de control | ES-MaACL |
| 005 - FECHA Y HORA DE LA ÚLTIMA TRANSACCIÓN | |
| campo de control | 20250809063534.0 |
| 008 - DATOS DE LONGITUD FIJA--INFORMACIÓN GENERAL | |
| campo de control de longitud fija | 080709s1975 sp |||| | spa d |
| 080 ## - NÚMERO DE LA CLASIFICACIÓN DECIMAL UNIVERSAL | |
| Número de la Clasificación Decimal Universal | 382(460:65)"18/19" |
| 080 ## - NÚMERO DE LA CLASIFICACIÓN DECIMAL UNIVERSAL | |
| Número de la Clasificación Decimal Universal | 382(65:460)"18/19" |
| 100 1# - ENTRADA PRINCIPAL--NOMBRE DE PERSONA | |
| Nombre de persona | Vilar, Juan Bautista, |
| Fechas asociadas al nombre | 1941-2018 |
| 9 (RLIN) | 114797 |
| 245 10 - MENCIÓN DEL TÍTULO | |
| Título | Relaciones comerciales hispano-argelinas en el periodo 1791-1814 / |
| Mención de responsabilidad, etc. | Juan Bta. Vilar. |
| 260 ## - PUBLICACIÓN, DISTRIBUCIÓN, ETC. | |
| Lugar de publicación, distribución, etc. | [Madrid] : |
| Nombre del editor, distribuidor, etc. | Instituto "Jerónimo Zurita", |
| Fecha de publicación, distribución, etc. | 1975. |
| 300 ## - DESCRIPCIÓN FÍSICA | |
| Extensión | 8 p. ; |
| Dimensiones | 24 cm. |
| 595 ## - | |
| -- | Tirada aparte de: Hispania: revista española de historia, t. XXXIV, 1974, p. 435-442. |
| 651 #4 - PUNTO DE ACCESO ADICIONAL DE MATERIA--NOMBRE GEOGRÁFICO | |
| Nombre geográfico | Argelia- |
| Subdivisión general | Relaciones- |
| Subdivisión geográfica | España. |
| 9 (RLIN) | 7805 |
| 651 #4 - PUNTO DE ACCESO ADICIONAL DE MATERIA--NOMBRE GEOGRÁFICO | |
| Nombre geográfico | España- |
| Subdivisión general | Relaciones- |
| Subdivisión geográfica | Argelia. |
| 9 (RLIN) | 8456 |
| 852 ## - LOCALIZACIÓN | |
| Ubicación | ES-MaACL |
| Número de control de estantería | 2232-F-14 |
| Nota libre | . - Dedicatoria autógrafa del autor al Ateneo de Madrid |
| Estatus retirado | Estado de pérdida | Estado de daño | No para préstamo | Colección | Biblioteca de origen | Biblioteca actual | Ubicación en estantería | Fecha de adquisición | Fuente de adquisición | Total de préstamos | Signatura topográfica completa | Código de barras | Visto por última vez | Precio de reemplazo | Tipo de ítem Koha |
|---|---|---|---|---|---|---|---|---|---|---|---|---|---|---|---|
| Colección de folletos | Biblioteca del Ateneo de Madrid | Biblioteca del Ateneo de Madrid | Depósito folletos | 09/07/2008 | 2232-F-14 | 1177344 | 23/02/2023 | 23/02/2023 | Folleto |
